000 00783nam a22002057a 4500
999 _c15409
_d15409
003 AR-CdUCM
008 190427b ||||| |||| 00| 0 spa d
040 _aMUNICIPALIDAD PROVINCIAL DEL CUSCO
_cBIBLIOTECA MUNICIPAL DEL CUSCO
082 _a980 /
_bP43
100 _aPereyra, Carlos
_918565
245 _aHistoria de América Española /
260 _aMadrid :
_bSaturnino Calleja,
_c1920.
300 _a374 páginas ;
_bIlustraciones,
_c22 cm.
505 _aContenido: La quimera geográfica de Cristobal Colon -- El enigma de Américo Vespucio -- Vasco Nuñez de Balboa y el mar del Sur -- La empresa de Magallanes...
650 _aAmérica
_91348
650 _aVespucio
_934474
650 _aExploración de América
_934475
942 _2ddc
_cLIBROS
945 _adavv
_d27/04/2019